Pretty Little Liars Quiz (New) - Statistics

General Stats
  • This quiz has been taken 439 times
  • The average score is 25 of 31
Answer Stats
Forename Surname % Correct
Hanna Marin
99%
Aria Montgomery
99%
Emily Fields
97%
Spencer Hastings
97%
Ezra Fitz
94%
Pam Fields
92%
Veronica Hastings
92%
Ashley Marin
92%
Ella Montgomery
92%
Byron Montgomery
91%
Alison DiLaurentis
90%
Peter Hastings
90%
Tom Marin
88%
Jessica DiLaurentis
87%
Wayne Fields
87%
Mike Montgomery
87%
Toby Cavanaugh
86%
Cece Drake
85%
Caleb Rivers
84%
Jason DiLaurentis
83%
Kenneth DiLaurentis
79%
Mona Vanderwaal
79%
Jenna Marshall
76%
Maya St. Germain
74%
Ian Thomas
72%
Wren Kingston
69%
Paige McCullers
67%
Garrett Reynolds
66%
Carla Grunwald
44%
Barry Maple
29%
Arthur Hackett
19%
No matching quizzes found
Score Distribution
Percent of People with Each Score
Percentile by Number Answered
Your Score History
You have not taken this quiz